Wicked Quote Quiz (Tough!) Stats

 Plays Quiz not verified by Sporcle

Score 0/8 Timer 10:00
0 Plays Today
Quote rest of quote % Correct
Elphaba, shut up! First of all, I can't harbor a criminal; _____ (4 words)I'm an unelected official
82.9%
I happen to be genuinely self-absorbed, _____ (3 words)and deeply shallow
62.9%
According to the Time Dragon Clock, the melting occurred at the _____ (2 words)thirteenth hour
46.7%
This is my sister, Nessarose. As you can see, _____ (5 words)she's a perfectly normal color
42.7%
As befits the future governor of Munchkinland. Elphaba, take care of your sister, and _____ (6 words)try not to talk so much
30%
What? Never apologize for talent- _____ (4 words)talent is a gift
28.2%
The truth is not a thing of fact or reason. The truth is just what _____ (3 words)everyone agrees on
22.7%
Be yourself.. Well, _____ (2 words)within reason
14.4%

You're not logged in!

Compare scores with friends on all Sporcle quizzes.
OR
Log In

Show Comments

Extras

Created Jan 3, 2011ReportNominate
Tags:Quote Quiz, character, rest, tough, wicked

Top Quizzes Today


Score Distribution

Your Account Isn't Verified!

In order to create a playlist on Sporcle, you need to verify the email address you used during registration. Go to your Sporcle Settings to finish the process.

Report this User

Report this user for behavior that violates our Community Guidelines.

Details: